tous les drapeaux d`afrique - Statistiques

Statistiques générales
  • Ce quiz a été pris 218 fois
    85 depuis la dernière actualisation
  • Le résultat moyen est 30 sur 53
Statistiques - réponses
Par images Réponse % Correct
afrique du sud
92%
algerie
92%
égypte
90%
Côte d'Ivoire
86%
mauritanie
86%
somalie
86%
Nigeria
84%
Kenya
82%
Sénégal
82%
ouganda
80%
Angola
76%
cameroun
76%
Liberia
76%
tchad
76%
Togo
76%
cap vert
73%
maurice
73%
Niger
73%
ethiopie
69%
Ghana
69%
Mali
69%
soudan
69%
comores
65%
libye
65%
Mozambique
63%
Botswana
61%
Burundi
61%
congo
61%
Malawi
61%
Lesotho
59%
Zimbabwe
59%
érythrée
57%
namibie
57%
Seychelles
57%
Djibouti
51%
maroc
51%
Rwanda
47%
tunisie
47%
gambie
45%
Gabon
37%
Bénin
33%
sao tomée
31%
guinée bissau
24%
guinée equatoriale
24%
Burkina Faso
22%
Sierra Leone
22%
tanzanie
22%
Eswatini
18%
soudan du sud
16%
zambie
16%
guinée
8%
république dominicaine
2%
république centrafrique
0%
Aucun quiz correspondant
Distribution des résultats
% des personnes avec chaque résultat
Percentile par nombre de réponses
Votre historique - résultats
Vous n’avez pas pris ce quiz depuis la dernière actualisation